10 najlepszych polskich skoczków narciarskich - Statystyki

Ogólne statystyki
  • Ten quiz został rozwiązany 450 razy
  • Średni wynik to 6 z 10
Statystyki odpowiedzi
Hint Odpowiedź % Poprawnych
2 Kamil Stoch
100%
1 Adam Małysz
98%
4 Piotr żyła
97%
3 Dawid Kubacki
94%
5 Maciej Kot
80%
6 Stefan hula
58%
7 Jakub wolny
50%
9 Wojciech Fortuna
41%
10 Krzysztof biegun
16%
8 Stanisław bobak
16%
Nie znaleziono quizów pasujących do podanych kryteriów
Rozkład punktacji
Procent ludzi z każdym wynikiem
Percentyl według liczby udzielonych odpowiedzi
Twoja historia wyników
Nie rozwiązałeś tego quizu